Kensington Heights Commercial Ltd v Campden Hill Development Ltd (Record no. 106734)

MARC details
000 -LEADER
fixed length control field 01940cam a2200205 4500
001 - CONTROL NUMBER
control field L137333
008 - FIXED-LENGTH DATA ELEMENTS--GENERAL INFORMATION
fixed length control field 070329s2007 xxk f 000 0 eng d
035 ## - SYSTEM CONTROL NUMBER
System control number (Sirsi) u137333
041 0# - LANGUAGE CODE
Language code of text/sound track or separate title eng
245 00 - TITLE STATEMENT
Title Kensington Heights Commercial Ltd v Campden Hill Development Ltd
Medium [electronic resource]
260 ## - PUBLICATION, DISTRIBUTION, ETC.
Date of publication, distribution, etc. 2007
520 ## - SUMMARY, ETC.
Summary, etc. [2007] EWCA Civ 245, 21 March 2007. The appellant company appealed against an order that it transfer to the respondent tenants the term granted by a lease of a property pursuant to the Landlord and Tenant Act 1987, and the tenants cross-appealed against an order that the transfer was subject to a sub-underlease. The appellant company had held the property, which it had developed into flats and houses, under a 1973 lease from Thames Water. The tenants were qualifying tenants within the meaning of the 1987 Act and any disposal of the appellant company's interest in the property required the tenants to be offered the first right of refusal. In 2000 the freehold reversion was transferred by Thames Water to another company, and this company agreed with the appellant company that it would accept the surrender of the 1973 lease and grant appellant company a new lease. "Held": the court would not order the transfer of a lease from a landlord to qualifying tenants under the collective enfranchisement provisions in the Landlord and Tenant Act 1987 in circumstances where the landlord had entered into an agreement to surrender a headlease in return for a grant of a longer term and was therefore enlarging its headleasehold interest rather than disposing of it.
590 ## - LOCAL NOTE (RLIN)
Local note KA
650 24 - SUBJECT ADDED ENTRY--TOPICAL TERM
Topical term or geographic name entry element KENSINGTON HEIGHTS COMMERCIAL V CAMPDEN HILL DEVELOPMENT
650 24 - SUBJECT ADDED ENTRY--TOPICAL TERM
Topical term or geographic name entry element LANDLORD AND TENANT ACT 1987
651 #4 - SUBJECT ADDED ENTRY--GEOGRAPHIC NAME
Geographic name England
Chronological subdivision 886-
690 ## - LOCAL SUBJECT ADDED ENTRY--TOPICAL TERM (OCLC, RLIN)
Topical term or geographic name as entry element Landlord and tenant
9 (RLIN) 6252
856 48 - ELECTRONIC LOCATION AND ACCESS
Uniform Resource Identifier <a href="https://www.bailii.org/ew/cases/EWCA/Civ/2007/245.html">https://www.bailii.org/ew/cases/EWCA/Civ/2007/245.html</a>
Public note View the item free of charge at www.bailii.org...
942 ## - ADDED ENTRY ELEMENTS (KOHA)
Suppress in OPAC 0
Holdings
Withdrawn status Lost status Source of classification or shelving scheme Damaged status Not for loan Home library Current library Shelving location Date acquired Total Checkouts Full call number Barcode Date last seen Copy number Price effective from Koha item type
    Dewey Decimal Classification     Virtual Virtual Online 29/03/2007   ONLINE PUBLICATION 137333-2001 06/08/2019 1 06/08/2019 Law report